Responses for Show #5810 - Friday, December 11, 2009

Contestants

[<< previous game]

Jason James, a legal fellow from Vienna, Virginia

Siobhan McKenney, a systems administrator from Austin, Texas

Leigh Rosenecker, a stay-at-home mom from Morgantown, West Virginia (whose 1-day cash winnings total $26,398)

[next game >>]

Jeopardy! Round responses

FLAGS
ELVES
GEOGRAPHIC AMERICANISMS
SPEAK OF THE DEVIL
INGRID BERGMAN
"INTER" MEZZO
    $200 10
Brazil

Jason
    $200 2
Santa Claus

Leigh
    $200 1
oil

Jason
    $200 15
money

Jason
    $200 7
Stockholm

Jason
    $200 13
intermission

Leigh
    $400 20
New Zealand

Siobhan
    $400 3
Snap, Crackle, & Pop

Jason
    $400 24
the Louisville Slugger

Jason
    $400 16
(Jason: What is the Bible?)

scripture

SiobhanJason
    $400 8
Joan of Arc

Leigh
    $400 14
an interstate

Siobhan
    $600 21
(Leigh: What is Sweden?)

Norway

LeighJason
    $600 4
house elves

Jason
    $600 25
chewing tobacco

Siobhan
    $600 17
exist

Siobhan
    $600 9
Anastasia

Siobhan
    $600 28
an interpreter

Leigh
    $800 22
(Siobhan: What is the Ukraine?)

Russia

SiobhanJason
    $800 5
ears

Jason
    $800 26
the Santa Anas

Siobhan
    $800 18
the flesh

Triple Stumper
    $1,400 11
(Jason: Oh, um... What is Toccata and Fugue?)
(Alex: No. Toccata and Fugue? No. The film was Casablanca and the song was [*].)

"As Time Goes By"

Jason
    $800 29
interrogate

Leigh
    $1000 23
South Korea

Siobhan
    $1000 6
Dungeons & Dragons

Jason
    $1000 27
(Jason: What is a boot?)
(Alex: Be more specific.)
(Jason: A parking boot?)

a Denver boot

Jason
Triple Stumper
    $1000 19
man

Siobhan
    $1000 12
Golda Meir

Leigh
    $1000 30
an interregnum

Jason

Scores at the first commercial break (after clue 15):

Leigh Siobhan Jason
$1,800 $1,000 $2,200

Scores at the end of the Jeopardy! Round:

Leigh Siobhan Jason
$2,600 $5,000 $3,600

Double Jeopardy! Round responses

REVOLUTIONARY ROAD
MICHIGAN MUSICIAN MISHMASH
MOONS
"C"OMPANIES
MMM, STEAK
4-LETTER WORDS
    $400 26
Concord

Leigh
    $400 1
Madonna

Leigh
    $400 17
Mars

Jason
    $400 6
Coca-Cola

Siobhan
    $400 11
(Alex: When you think of dark ale, perhaps you think of Porter, and it would be a [*] steak.)

Porterhouse

Triple Stumper
    $400 16
lard

Jason
    $800 27
(Alex: Great saying by [*].)

Benjamin Franklin

Triple Stumper
    $800 2
The Eagles

Leigh
    $800 18
(Jason: What is Neptune?)
...
(Alex: [*]--that's the dwarf--yes.)

Pluto

SiobhanJason
    $800 7
Cadbury

Siobhan
    $800 12
rare

Siobhan
    $800 19
helm

Triple Stumper
    $1200 28
(Alex: And that American revolutionary was [*].)
[The end-of-round signal sounds.]

Patrick Henry

Triple Stumper
    $1200 3
Stevie Wonder

Leigh
    $3,000 23
Neptune

Siobhan
    $1200 8
Clorox

Jason
    $1200 13
(Siobhan: What is filet mignon?)
(Jason: What is chateaubriand?)

(top) sirloin

LeighSiobhanJason
    $1200 20
gnaw

Jason
    $1600 4
The Red Hot Chili Peppers

Leigh
    $1600 24
(Leigh: What is Venus?)

Jupiter

LeighSiobhan
    $1600 9
Coach

Leigh
    $1600 14
(Alex: And it's my favorite--[*]--good--tender.)

rib eye

Triple Stumper
    $1600 21
nock

Siobhan
    $2000 5
(Alex: Hey, you know your musicians--well done!)
[Applause for Leigh's run of the category]

Bob Seger

Leigh
    $2000 25
Saturn

Leigh
    $2000 10
Clairol

Leigh
    $2000 15
skirt (steak)

Siobhan
    $5,000 22
lamé

Siobhan

Scores at the end of the Double Jeopardy! Round:

Leigh Siobhan Jason
$14,200 $19,800 $4,800

[wagering suggestions for these scores]

Final Jeopardy! Round responses

OPEC
(Alex: Fair amount of turmoil in this African country in recent years.)
...
(Alex: [Revealing Jason''s response] No, no great oil in Kenya.)
...
(Alex: [Revealing Leigh's response] Nope, never a member of the British Commonwealth.)
JasonWhat is Kenya?
$4,799
LeighWhat is Morocco?
$5,598
SiobhanWhat is Botswana?
$9,001
Nigeria

Final scores:

Leigh Siobhan Jason
$8,602 $10,799 $1
2nd place: $2,000 New champion: $10,799 3rd place: $1,000

Game dynamics:

Coryat scores:

Leigh Siobhan Jason
$14,200 $15,000 $6,200
16 R,
2 W
18 R
(including 2 DDs),
2 W
16 R,
5 W
(including 1 DD)

Combined Coryat: $35,400

[game clues] [game scores] [suggest correction]

Game tape date: 2009-11-03
The J! Archive is created by fans, for fans. Scraping, republication, monetization, and malicious use prohibited; this site may use cookies and collect identifying information. See terms. The Jeopardy! game show and all elements thereof, including but not limited to copyright and trademark thereto, are the property of Jeopardy Productions, Inc. and are protected under law. This website is not affiliated with, sponsored by, or operated by Jeopardy Productions, Inc. Join the discussion at JBoard.tv.